000 00518nam a2200217Ia 4500
003 OSt
005 20230427112557.0
008 210423s2008 xx 000 0 und d
020 _a978-0-141-03578-9
040 _cAL
041 _aeng
082 _a770.1
_223
_bSONO
100 _aSONTAG (Susan)
_993879
245 _aOn photography
260 _aLondon
_bPenguin Books Ltd
_c2008
300 _a207,vii
_bPB
365 _b499
_cINR
650 _aPhotography
_993880
906 _aphotography
942 _2ddc
_cBK
999 _c170364
_d170364